Smart city v praxi : jak pomocí moderních technologií vytvářet město příjemné k životu a přátelské k podnikání /

Salvato in:
Dettagli Bibliografici
Autore principale: Slavík, Jakub (Autore)
Natura: Libro
Lingua:ceco
Pubblicazione: Praha Profi Press 2017
Edizione:1. vyd.
Soggetti:
Tags: Aggiungi Tag
Nessun Tag, puoi essere il primo ad aggiungerne!!

MARC

LEADER 00000nam a22000003a 4500
001 0069816
003 SK-STU
005 20181214102140.5
007 ta
008 181214s ----xo-----e------000-0-----d
020 |a 978-80-86726-80-9 
040 |a STU  |b slo 
041 0 |a cze 
044 |a xr 
100 1 |a Slavík, Jakub  |4 aut 
245 1 0 |a Smart city v praxi :  |b jak pomocí moderních technologií vytvářet město příjemné k životu a přátelské k podnikání /  |c aut. Jakub Slavík 
250 |a 1. vyd. 
260 |a Praha  |b Profi Press  |c 2017 
300 |a 144 s. 
650 0 7 |a smart city 
996 |b 284M088065  |c M* 14199-1  |l MMKN  |s A  |a 24  |w 0069816_0001